000 02713nam0a2200409 4500
001 RU\NLR\BIBL_A\011979234
005 20190425103204.0
010 _a978-5-7017-2714-2
_9500
021 _aRU
_bКН-П-19-015799
_9КН-П-19-1176
035 _a(NLR Aleph) 011979234
035 _a(RuMoRGB)009910950
090 _a11299422
_c11299422
100 _a20190403d2019 k y0rusy50 ca
101 0 _arus
_deng
102 _aRU
105 _aab||z|||100zy
200 1 _aАктуальные проблемы биологической и химической экологии
_eсборник материалов VI Международной научно-практической конференции, (г. Мытищи, 26-28 февраля 2019 года)
_fМинистерство образования Московской области, Государственное образовательное учреждение высшего образования Московской области Московский государственный областной университет [и др.
_gответственный редактор: Д.Б. Петренко, кандидат химических наук]
210 _aМосква
_cИнформационно-издательское управление МГОУ
_d2019
215 _a407 с.
_cил., табл., карт.
_d21
300 _aРез. англ.
320 _aБиблиогр. в конце ст.
606 1 _aЭкология
_jСъезды, совещания и т.п
_2nlr_sh1
_2nlr_sh2
_3RU\NLR\AUTH\6628592
606 1 _aХимическая экология
_jСъезды, совещания и т.п
_2nlr_sh1
_2nlr_sh2
_3RU\NLR\AUTH\661164636
606 1 _aЕстественные науки
_xПреподавание
_jСъезды, совещания и т.п
_2nlr_sh2
_3RU\NLR\AUTH\661302764
686 1 _aЕ081я431(0)
686 1 _aЕ081.2я431(0)
686 1 _aЧ426.23я431
686 1 _aЧ486.23я431
702 1 _aПетренко
_bД. Б.
_gДмитрий Борисович
_4340
711 1 2 _a"Актуальные проблемы биологической и химической экологии", международная научно-практическая конференция
_d6
_f2019
_eМытищи
_3RU\NLR\AUTH\880498787
712 0 2 _aМосковский государственный областной университет
_3RU\NLR\AUTH\8810042517
_4475
942 _cBOOK
980 _aNBR
980 _aNB